| 000 | 00867nmm a2200265 a 4500 | ||
|---|---|---|---|
| 001 | ocm000640579 | ||
| 003 | TR-IsHL | ||
| 005 | 20201028133956.0 | ||
| 008 | 131121s2003 tu tur | ||
| 007 | cr cn | ||
| 020 | _a9789756628683 | ||
| 035 |
_a640579 _b(N$T) |
||
| 050 | 0 | 4 |
_aPL230 _b.D48 2003 |
| 090 | 0 | 4 |
_aPL230 _b.D48 2003 |
| 245 | 1 | 0 |
_aDeve kuşları plan yapmaz _h[electronic resource] / _ced. H. Salih Zengin |
| 260 |
_aİstanbul : _bMavikuş Yayınları, _c2003 |
||
| 300 | _a72 p. | ||
| 650 | 4 | _aDil ve Edebiyat | |
| 650 | 4 | _aLanguage and Literature | |
| 650 | 0 | _aÇocuk edebiyatı, Türkçe | |
| 650 | 0 | _aChildren's literature, Turkish | |
| 650 | 7 |
_aLITERARY CRITICISM / Children's Literature _2bisacsh |
|
| 700 | 1 | _aZengin, H. Salih | |
| 856 | 4 | 0 | _uhttp://search.ebscohost.com/login.aspx?direct=true&scope=site&db=e011xww&AN=640579 |
| 999 |
_c5934 _d5934 |
||